000
00262nam a2200121Ia 4500
008
190216s9999||||xx |||||||||||||| ||und||
100
_a
James Hemming
245
4
_a
The Lion Cub
260
_b
Longmans
_c
1957
300
_a
47p
650
_a
Speeches
942
_c
BK
999
_c
11808
_d
11808